[Event "Kirov Chudinovskikh Memorial 5th"]
[Site "Kirov"]
[Date "2018.08.05"]
[Round "5"]
[White "Shuljya, Alexander"]
[Black "Shabardin, Artur"]
[Result "1-0"]
[WhiteElo "1719"]
[BlackElo "1539"]
[PlyCount "89"]
[EventDate "2018.07.29"]
[EventType "swiss"]
[EventRounds "10"]
[EventCountry "RUS"]
[SourceTitle "CBM 186 Extra"]
[Source "ChessBase"]
[SourceDate "2018.08.24"]
[SourceVersion "1"]
[SourceVersionDate "2018.08.24"]
[SourceQuality "1"]

1. d4 d5 2. Nf3 Bg4 3. e3 e6 4. Bd3 Bd6 5. Nbd2 Nf6 6. h3 Bh5 7. 0-0 Nbd7 8. e4 dxe4 9. Nxe4 h6 10. Nxd6+ cxd6 11. c4 0-0 12. Re1 Rc8 13. b3 d5 14. g4 Bg6 15. g5 Bxd3 16. Qxd3 hxg5 17. Bxg5 dxc4 18. bxc4 Qc7 19. Rac1 Qa5 20. a3 Nh7 21. Bd2 Qh5 22. Ne5 Nhf6 23. Nxd7 Nxd7 24. Qg3 Qf5 25. Re3 Rc6 26. Rf3 Qg6 27. Qxg6 fxg6 28. Rxf8+ Kxf8 29. Kg2 Nb6 30. c5 Nd5 31. Kf3 Kf7 32. Bg5 Ra6 33. Ra1 Ra4 34. Ke4 b6 35. c6 Rc4 36. Rc1 Rxc1 37. Bxc1 Ke7 38. Ke5 Kd8 39. Kxe6 Nc3 40. d5 Ne4 41. Be3 Kc7 42. Ke7 g5 43. Bd4 g6 44. Be5+ Kc8 45. d6 1-0

[Event "Kirov Vyatki Cup 6th"]
[Site "Kirov"]
[Date "2017.08.21"]
[Round "5"]
[White "Shabardin, Artur"]
[Black "Bezdenezhnykh, Lev"]
[Result "1/2-1/2"]
[WhiteElo "1601"]
[BlackElo "1594"]
[PlyCount "40"]
[EventDate "2017.08.17"]
[EventType "swiss"]
[EventRounds "7"]
[EventCountry "RUS"]
[SourceTitle "CBM 180 Extra"]
[Source "ChessBase"]
[SourceDate "2017.10.06"]
[SourceVersion "1"]
[SourceVersionDate "2017.10.06"]
[SourceQuality "1"]

1. d4 d5 2. g3 c5 3. c3 cxd4 4. cxd4 Nf6 5. Bg2 Bf5 6. Nc3 e6 7. Bg5 Be7 8. Nf3 h6 9. Bf4 0-0 10. 0-0 Nc6 11. Rc1 Bd6 12. Bxd6 Qxd6 13. a3 a6 14. b4 b5 15. Nd2 Nxd4 16. e3 Nc6 17. Nb3 Qc7 18. Nc5 Rfd8 19. Qb3 Qb6 20. h3 Ne5 1/2-1/2

[Event "KIrov Arakelian Memorial 7th"]
[Site "Kirov"]
[Date "2017.05.20"]
[Round "9"]
[White "Shabardin, Artur"]
[Black "Bessonov, Arsenij"]
[Result "1-0"]
[WhiteElo "1557"]
[BlackElo "1485"]
[PlyCount "39"]
[EventDate "2017.05.12"]
[EventType "swiss"]
[EventRounds "9"]
[EventCountry "RUS"]
[SourceTitle "EXT 2018"]
[Source "ChessBase"]
[SourceDate "2017.10.13"]
[SourceVersion "1"]
[SourceVersionDate "2017.10.13"]
[SourceQuality "1"]

1. d4 d5 2. c4 e6 3. Nc3 Nf6 4. cxd5 Nxd5 5. e4 Nf6 6. Bg5 Be7 7. Nf3 0-0 8. Bc4 h6 9. Bh4 c6 10. 0-0 b5 11. Bd3 Bb7 12. Qc2 Nbd7 13. e5 Ne8 14. Bxe7 Qxe7 15. Ne4 a6 16. Rac1 Rc8 17. Nfd2 f6 18. Nc5 Nxc5 19. Qxc5 f5 20. Qxe7 1-0

[Event "KIrov Arakelian Memorial 7th"]
[Site "Kirov"]
[Date "2017.05.19"]
[Round "8"]
[White "Chigarev, Vyacheslav"]
[Black "Shabardin, Artur"]
[Result "1-0"]
[WhiteElo "1702"]
[BlackElo "1557"]
[PlyCount "37"]
[EventDate "2017.05.12"]
[EventType "swiss"]
[EventRounds "9"]
[EventCountry "RUS"]
[SourceTitle "EXT 2018"]
[Source "ChessBase"]
[SourceDate "2017.10.13"]
[SourceVersion "1"]
[SourceVersionDate "2017.10.13"]
[SourceQuality "1"]

1. e4 e6 2. d4 d5 3. exd5 exd5 4. Nf3 Bg4 5. c4 dxc4 6. Bxc4 Nf6 7. Bxf7+ Kxf7 8. Ne5+ Ke8 9. Nxg4 Bb4+ 10. Nc3 Nc6 11. 0-0 Qxd4 12. Qe2+ Be7 13. Nxf6+ Qxf6 14. Nd5 Qd6 15. Rd1 Rc8 16. Bf4 Qg6 17. Re1 Qf7 18. Nxe7 Qxe7 19. Qc4 1-0

[Event "KIrov Arakelian Memorial 7th"]
[Site "Kirov"]
[Date "2017.05.17"]
[Round "6"]
[White "Dvinskikh, Leonid"]
[Black "Shabardin, Artur"]
[Result "1-0"]
[WhiteElo "2031"]
[BlackElo "1557"]
[PlyCount "87"]
[EventDate "2017.05.12"]
[EventType "swiss"]
[EventRounds "9"]
[EventCountry "RUS"]
[SourceTitle "EXT 2018"]
[Source "ChessBase"]
[SourceDate "2017.10.13"]
[SourceVersion "1"]
[SourceVersionDate "2017.10.13"]
[SourceQuality "1"]

1. d4 d5 2. c4 e6 3. Nc3 Nf6 4. cxd5 exd5 5. Bg5 c6 6. e3 Bb4 7. Bd3 0-0 8. Nge2 Be6 9. 0-0 Nbd7 10. a3 Bxc3 11. Nxc3 a6 12. b4 b5 13. Qc2 h6 14. Bh4 Rc8 15. a4 Qb6 16. a5 Qc7 17. Bg3 Qd8 18. f4 Ng4 19. Rae1 f5 20. h3 Ngf6 21. Bxf5 Bxf5 22. Qxf5 Ne4 23. Qe6+ Kh8 24. Nxe4 Re8 25. Qg6 Rxe4 26. f5 Qf6 27. Qxf6 Nxf6 28. Bf2 Rf8 29. Rc1 Rc8 30. Rc3 Nd7 31. Rfc1 Nb8 32. Bg3 Nd7 33. Bf4 Nb8 34. Kf2 Re7 35. Bxb8 Rxb8 36. Rxc6 Ra8 37. Rd6 Kg8 38. Rxd5 Kf7 39. Rd6 Rea7 40. e4 Ke7 41. Rg6 Kf7 42. Rcc6 Rd8 43. d5 Re8 44. Kf3 1-0

[Event "KIrov Arakelian Memorial 7th"]
[Site "Kirov"]
[Date "2017.05.16"]
[Round "5"]
[White "Shabardin, Artur"]
[Black "Dergachev, Andrey"]
[Result "1-0"]
[WhiteElo "1557"]
[BlackElo "1604"]
[PlyCount "105"]
[EventDate "2017.05.12"]
[EventType "swiss"]
[EventRounds "9"]
[EventCountry "RUS"]
[SourceTitle "EXT 2018"]
[Source "ChessBase"]
[SourceDate "2017.10.13"]
[SourceVersion "1"]
[SourceVersionDate "2017.10.13"]
[SourceQuality "1"]

1. d4 d5 2. c4 c6 3. cxd5 cxd5 4. Nc3 Nc6 5. Nf3 Nf6 6. Bg5 e6 7. e3 Be7 8. Bb5 Bd7 9. 0-0 h6 10. Bh4 a6 11. Bxc6 Bxc6 12. Ne5 Nd7 13. Nxc6 bxc6 14. Bxe7 Qxe7 15. Qc2 0-0 16. Na4 Qd6 17. Rac1 Rfc8 18. Nc5 Nxc5 19. Qxc5 Qxc5 20. Rxc5 Rab8 21. b3 Rb5 22. Rfc1 Rxc5 23. Rxc5 Kf8 24. Kf1 Ke7 25. Ke2 Kd6 26. Kd3 Rb8 27. Ra5 Ra8 28. Kc3 Ra7 29. b4 f6 30. a4 Kc7 31. b5 cxb5 32. axb5 Kb6 33. Kb4 axb5 34. Rxa7 Kxa7 35. Kxb5 Kb7 36. Kc5 Kc7 37. f3 g6 38. e4 dxe4 39. fxe4 Kd7 40. e5 f5 41. d5 exd5 42. Kxd5 Ke7 43. e6 Ke8 44. g3 g5 45. Ke5 f4 46. gxf4 gxf4 47. Kxf4 Ke7 48. Kf5 h5 49. h4 Ke8 50. Kg6 Ke7 51. Kxh5 Kxe6 52. Kg6 Ke7 53. Kg7 1-0